000 00618nam a2200241 i 4500
001 C2-0081425
003 PPAK
005 20180727084446.0
008 970429s1987 enka|||| ||||| | eng d
020 _a1852700025
040 _aPPAK
_beng
_cPPAK
_erda
082 0 4 _a513
_223
090 0 0 _a513
_bMER
_dK
100 1 _aMerttens, Ruth,
_eauthor
245 1 0 _aAdding on
264 1 _aLondon :
_bOctopus ,
_c1987
300 _a22 pages :
_bcolour illustrations ;
_c24 cm
336 _2rdacontent
_atext
337 _2rdamedia
_aunmediated
338 _2rdacarrier
_avolume
650 1 0 _aArithmetic
942 _ddc
_cB
999 _c14642
_d14642